Grande Atlas Geográfiuco (Registo nº 1341)

Detalhes MARC
000 -Etiqueta do registo
Cabeçalho 00603nam a2200241 4500
005 - Identificador da versão
Campo de controlo 20240813121833.0
010 ## - Número internacional normalizado dos livros (ISBN)
Número (ISBN) 989550201x
021 ## - Número do Depósito Legal
Código do país PT
035 ## - Other System Control Numbers
System Control Number CMELV_175.iso/13-11-2009/9226
System Control Number 2222250
100 ## - Dados gerais de processamento
Dados gerais de processamento 20070814d2004 m y0pory5003 ba
102 ## - Pais de publicação ou produção
País de publicação Portugal
101 0# - Língua de publicação
Língua do texto, banda sonora, etc. Português
215 ## - Descrição física 
Indicação específica da natureza do documento e extensão da espécie 192 p.
Outras indicações físicas il.
Dimensões 28 cm
200 1# - Titulo e menção de responsabilidade
Título próprio Grande Atlas Geográfiuco
210 ## - Publicação, Distribuição, etc. 
Lugar da edição, distribuição, etc. [Lisboa]
Nome do editor, distribuidor, etc. Civilização Editora
Data da publicação, distribuição, etc. 2004
304 ## - Notas relativas a título e menção de responsabilidade 
Texto da nota Tit. Orig.: Compact Atlas of the World
675 ## - Classificação Decimal Universal (CDU)
Notação 912
Edição BN
Língua da edição por
942 ## - Elementos de entrada adicionados (Koha)
Tipo de item no Koha Livro
Exemplares
Situação do levantamento Origin of item (home branch) (coded) Biblioteca de empréstimo Código de barras Cota Circulation type (not for loan) Tipo de documento Nota do exemplar Damaged status
  Biblioteca Escolar Eng. Nuno Mergulhão Biblioteca Escolar Eng. Nuno Mergulhão BENM3066 | 2004 911 ATL   Livro Sem mensagem